Ocean biogeochemistry: the role of the ocean carbon cycle in global change

Salvato in:
Dettagli Bibliografici
Autore principale: Fasham, Michael J. R (Autore)
Natura: Libro
Lingua:inglese
Pubblicazione: Berlín Springer 2003
Soggetti:
Tags: Aggiungi Tag
Nessun Tag, puoi essere il primo ad aggiungerne!!

MARC

LEADER 00000nam a2200000 a 4500
001 UCK7112
003 CL-VaPUC
008 051111e20030000GW |||||||||||||||||eng|d
020 |a 3540423982 
082 0 4 |a 551.46  |b FAS  |2 21 
100 0 |a Fasham, Michael J. R  |e author  |9 496552 
245 1 0 |a Ocean biogeochemistry: the role of the ocean carbon cycle in global change 
300 |a 297 p 
942 |c BK 
945 |d 20051111 00:00:00  |a cmena 
260 |a Berlín  |b Springer  |c 2003 
650 7 |a OCEANOGRAFIA QUIMICA  |2 CL-VaPUC  |9 496553 
650 7 |a BIOGEOQUIMICA  |2 CL-VaPUC  |9 262126 
650 7 |a CARBON  |2 CL-VaPUC  |9 268755 
650 0 |a Fitoplancton   |9 261810 
650 0 |a Cambios climáticos   |9 262050 
583 |a last modification  |c 20051111 00:00:00  |k Rodrigo Vera 
999 |c 315162  |d 315160 
952 |0 0  |1 0  |2 ddc  |4 0  |6 551_460000000000000_FAS_2003  |7 0  |8 A  |9 388122  |a BIBCUR  |b BIBCUR  |d 2019-11-22  |i 4179587  |l 1  |o 551.46 FAS 2003  |p 4179587  |r 2025-04-22  |s 2023-08-16  |w 2019-11-22  |y BK  |k CIM